000 00393nam a2200133Ia 4500
005 20260326235505.0
008 260326s9999||||xx |||||||||||||| ||und||
100 _aUlloa Vergara, Rodolfo
245 0 _aXVIII Bienal Colombiana de Arquitectura (2002) /
_cRodolfo Ulloa Vergara
260 _bSociedad Colombiana de Arquitectos
300 _a288 p.
650 _aARQUITECTURA REGIONAL
942 _cBK
999 _c8141
_d8141